| 000 | 01008nas a2200325 4500 | ||
|---|---|---|---|
| 001 | BR2018000891 | ||
| 003 | BR-BrBNA | ||
| 005 | 20231205131316.0 | ||
| 007 | ta | ||
| 008 | 230509b bl.|||p| |||| 00| 00por d | ||
| 040 |
_aBR-BrBNA _bpor _cBiblioteca Nacional de Agricultura |
||
| 041 | _a(En) | ||
| 072 | _aK10 | ||
| 100 | 1 | _aXavier, C.N. | |
| 100 | 1 | _aSilva, C.E.S. da | |
| 100 | 1 | _aSantos, P.V. dos | |
| 100 | 1 | _aCarvalho, A.M. de | |
| 100 | 1 | _aNascimento, A.M. do | |
| 100 | 1 | _aBrancalion P.H.S. | |
| 245 | 1 | _aGrowth stress in Peltophorum dubium and its correlation with the growth variables | |
| 650 | _aCANAFÍSTULA | ||
| 650 | _aMADEIRA | ||
| 650 | _aCRESCIMENTO | ||
| 650 | _aREGENERAÇÃO | ||
| 650 | _aSILVICULTURA | ||
| 773 | 0 |
_tFloresta e Ambiente (Brazil) _xISSN 2179-8087 _g(2018), v. 25(1) p. 1-7 _wBR2018000891 |
|
| 856 | 4 | 0 | _uhttp://www.scielo.br/pdf/floram/v25n1/2179-8087-floram-25-1-e20160252.pdf |
| 909 |
_a202311 _bLúcia _c55 _dLúcia Elande |
||
| 942 |
_2AGRIS _n0 _cANA |
||
| 999 |
_c254106 _d254106 |
||